[Event "Mecklenburg VP LL2 West 2223"]
[Site "Mecklenburg VP"]
[Date "2023.01.15"]
[Round "5.5"]
[White "Schmidt, Reinhard"]
[Black "Popp, Michael"]
[Result "1/2-1/2"]
[WhiteElo "1898"]
[BlackElo "1958"]
[PlyCount "58"]
[EventDate "2022.10.23"]
[EventType "team-tourn"]
[EventRounds "9"]
[EventCountry "GER"]
[SourceTitle "EXT 2024"]
[Source "ChessBase"]
[SourceDate "2023.10.10"]
[SourceVersion "1"]
[SourceVersionDate "2023.10.10"]
[SourceQuality "1"]
[WhiteTeam "Rostock Uni"]
[BlackTeam "Schwerin SF III"]
[WhiteTeamCountry "GER"]
[BlackTeamCountry "GER"]

1. e4 e5 2. Nc3 Nc6 3. Bc4 Bc5 4. a3 Nf6 5. d3 h6 6. Nf3 d6 7. Be3 Bb6 8. h3 Nd4 9. Qd2 c6 10. Bxd4 Bxd4 11. Nxd4 exd4 12. Ne2 b5 13. Ba2 c5 14. Nf4 0-0 15. 0-0 Bb7 16. Rfe1 Re8 17. f3 Qc7 18. Qf2 a5 19. Rac1 b4 20. axb4 axb4 21. Bc4 g5 22. Ne2 d5 23. exd5 Nxd5 24. Bxd5 Bxd5 25. Ng3 Qf4 26. Ne4 Bxe4 27. fxe4 Qxf2+ 28. Kxf2 Ra2 29. b3 Kg7 1/2-1/2

[Event "Mecklenburg VP LL2 West 2223"]
[Site "Mecklenburg VP"]
[Date "2022.11.27"]
[Round "3.5"]
[White "Schmidt, Reinhard"]
[Black "Merz, Norbert"]
[Result "0-1"]
[WhiteElo "1898"]
[BlackElo "1730"]
[PlyCount "114"]
[EventDate "2022.10.23"]
[EventType "team-tourn"]
[EventRounds "9"]
[EventCountry "GER"]
[SourceTitle "EXT 2024"]
[Source "ChessBase"]
[SourceDate "2023.10.10"]
[SourceVersion "1"]
[SourceVersionDate "2023.10.10"]
[SourceQuality "1"]
[WhiteTeam "Rostock Uni"]
[BlackTeam "Schwerin SV Einheit"]
[WhiteTeamCountry "GER"]
[BlackTeamCountry "GER"]

1. e4 c5 2. Nf3 e6 3. d4 cxd4 4. c3 dxc3 5. Nxc3 d6 6. Bc4 Be7 7. 0-0 Nc6 8. a3 Nf6 9. Ba2 0-0 10. Bf4 e5 11. Be3 Ng4 12. Bd2 Nf6 13. Rc1 Bg4 14. Qb3 Bxf3 15. gxf3 Qd7 16. Kg2 Nd4 17. Qd1 Bd8 18. Rg1 Ne6 19. Kh1 Bb6 20. Rg2 Kh8 21. Be3 Bxe3 22. fxe3 h6 23. Qd2 Ng5 24. Qf2 Qh3 25. Rg3 Qh4 26. Rf1 Nh5 27. Rg4 Qxf2 28. Rxf2 Nf6 29. Rgg2 Rad8 30. Rf1 Rd7 31. Rd2 Rfd8 32. Kg2 a6 33. Rfd1 b5 34. Nd5 Nxd5 35. Bxd5 Rc7 36. Kg3 Nh7 37. Bb3 Rc6 38. f4 f6 39. Bd5 Rb6 40. Rc1 b4 41. a4 a5 42. Rc7 f5 43. Rdc2 exf4+ 44. exf4 Nf6 45. Rc8 Rb8 46. Rxb8 Rxb8 47. Rc6 fxe4 48. Bf7 d5 49. Ra6 d4 50. Kf2 Rd8 51. Rxa5 d3 52. Bb3 Ng4+ 53. Ke1 e3 54. h3 Nf2 55. Re5 d2+ 56. Ke2 d1Q+ 57. Bxd1 Nxd1 0-1

[Event "Mecklenburg VP Verbandsliga 1920"]
[Site "Mecklenburg VP"]
[Date "2020.03.01"]
[Round "7.5"]
[White "Grossmann, Piet"]
[Black "Schmidt, Reinhard"]
[Result "0-1"]
[WhiteElo "1818"]
[BlackElo "1898"]
[PlyCount "92"]
[EventDate "2019.09.29"]
[EventType "team-tourn"]
[EventRounds "9"]
[EventCountry "GER"]
[SourceTitle "EXT 2023"]
[Source "ChessBase"]
[SourceDate "2022.10.05"]
[SourceVersion "1"]
[SourceVersionDate "2022.10.05"]
[SourceQuality "1"]
[WhiteTeam "Torgelow"]
[BlackTeam "Rostock Turbine"]
[WhiteTeamCountry "GER"]
[BlackTeamCountry "GER"]

1. e4 d5 2. exd5 Nf6 3. c4 c6 4. d4 cxd5 5. Nc3 Nc6 6. Nf3 Bg4 7. Be2 e6 8. c5 Be7 9. 0-0 0-0 10. a3 a5 11. Bf4 b6 12. Qa4 Rc8 13. Ba6 Bxf3 14. Bxc8 Qxc8 15. gxf3 bxc5 16. Ne2 c4 17. b3 cxb3 18. Qxb3 Qa6 19. Qb2 Nh5 20. Bg3 f5 21. Nf4 Nxf4 22. Bxf4 Rf6 23. Rfd1 Rg6+ 24. Kh1 Bf6 25. Be5 Bxe5 26. dxe5 Qc4 27. Rg1 Qf4 28. Rxg6 hxg6 29. Qe2 Kf7 30. Re1 Nd4 31. Qe3 Qxf3+ 32. Qxf3 Nxf3 33. Re3 Nd2 34. f4 Nc4 35. Rb3 g5 36. Rb7+ Kg6 37. Re7 gxf4 38. Rxe6+ Kf7 39. Rc6 Nxa3 40. Rc5 Ke6 41. Rxa5 Nc4 42. Ra2 Kxe5 43. Kg2 g5 44. h3 Ne3+ 45. Kf2 Ke4 46. Rd2 g4 0-1

[Event "Mecklenburg VP Verbandsliga 1920"]
[Site "Mecklenburg VP"]
[Date "2020.01.19"]
[Round "5.4"]
[White "Schmidt, Reinhard"]
[Black "Pruesse, Horst"]
[Result "1/2-1/2"]
[WhiteElo "1898"]
[BlackElo "2044"]
[PlyCount "54"]
[EventDate "2019.09.29"]
[EventType "team-tourn"]
[EventRounds "9"]
[EventCountry "GER"]
[SourceTitle "EXT 2023"]
[Source "ChessBase"]
[SourceDate "2022.10.05"]
[SourceVersion "1"]
[SourceVersionDate "2022.10.05"]
[SourceQuality "1"]
[WhiteTeam "Rostock Turbine"]
[BlackTeam "Neubrandenburg SG Eintracht"]
[WhiteTeamCountry "GER"]
[BlackTeamCountry "GER"]

1. g4 e5 2. Bg2 d5 3. c4 d4 4. d3 Nc6 5. h3 h5 6. g5 Bb4+ 7. Kf1 Be7 8. h4 f5 9. a3 a5 10. Bd5 Qd6 11. Nf3 Be6 12. Bxe6 Qxe6 13. Ne1 Bc5 14. Nc2 Nge7 15. Bd2 e4 16. Be1 Ng6 17. Nd2 a4 18. b4 axb3 19. Nxb3 Ba7 20. Nb4 Nf4 21. Qc1 Nxe2 22. Kxe2 exd3+ 23. Kf1 Qe2+ 24. Kg1 Qg4+ 25. Kf1 Qe2+ 26. Kg1 Qg4+ 27. Kf1 Qe2+ 1/2-1/2

[Event "Mecklenburg VP VL1819"]
[Site "Mecklenburg VP"]
[Date "2018.12.16"]
[Round "4.5"]
[White "Schmidt, Reinhard"]
[Black "Fischer, Torsten"]
[Result "1-0"]
[WhiteElo "1777"]
[BlackElo "1975"]
[PlyCount "121"]
[EventDate "2018.10.21"]
[EventType "team-tourn"]
[EventRounds "9"]
[EventCountry "GER"]
[SourceTitle "EXT 2022"]
[Source "ChessBase"]
[SourceDate "2021.10.06"]
[SourceVersion "1"]
[SourceVersionDate "2021.10.06"]
[SourceQuality "1"]
[WhiteTeam "Warnemuende SF Ostsee"]
[BlackTeam "Schwerin SF III"]
[WhiteTeamCountry "GER"]
[BlackTeamCountry "GER"]

1. e4 e6 2. d4 d5 3. exd5 exd5 4. Bd3 Nf6 5. Bg5 Be7 6. f3 0-0 7. Ne2 c5 8. c3 Qb6 9. Qb3 Qe6 10. Qd1 Nc6 11. 0-0 h6 12. Bh4 b6 13. Re1 Bb7 14. Bf2 Bd6 15. Nd2 Qd7 16. Nf1 Rfe8 17. Qd2 c4 18. Bc2 b5 19. a3 a5 20. Neg3 Ne7 21. Be3 Ng6 22. Bf5 Qc7 23. Qc2 Nh4 24. Bh3 Bc8 25. Bxc8 Raxc8 26. Nf5 Nxf5 27. Qxf5 Qd7 28. Qxd7 Nxd7 29. Bf2 Nb6 30. Bg3 Bf8 31. Kf2 Na4 32. Rxe8 Rxe8 33. Rb1 Rc8 34. Ne3 Nb6 35. Ke2 f6 36. Kd2 Kf7 37. Re1 g6 38. h3 h5 39. h4 Bh6 40. Kc2 Bf8 41. Kc1 Bh6 42. Kc2 Rc6 43. Nd1 b4 44. axb4 axb4 45. cxb4 Bf8 46. b5 Rc8 47. Nc3 Be7 48. Ra1 Bd8 49. Ra6 g5 50. hxg5 fxg5 51. Kb1 Ke7 52. Rxb6 Bxb6 53. Nxd5+ Ke6 54. Nxb6 Rf8 55. Be5 h4 56. Nxc4 Kd5 57. b3 h3 58. gxh3 Rxf3 59. Kb2 Rxh3 60. b6 Kc6 61. Bc7 1-0

[Event "Mecklenburg VP VL 1718"]
[Site "Mecklenburg VP"]
[Date "2018.04.08"]
[Round "8.6"]
[White "Witkowski, Rainer"]
[Black "Schmidt, Reinhard"]
[Result "0-1"]
[WhiteElo "1849"]
[BlackElo "1773"]
[PlyCount "94"]
[EventDate "2017.10.08"]
[EventType "team-tourn"]
[EventRounds "9"]
[EventCountry "GER"]
[SourceTitle "EXT 2022"]
[Source "ChessBase"]
[SourceDate "2021.10.06"]
[SourceVersion "1"]
[SourceVersionDate "2021.10.06"]
[SourceQuality "1"]
[WhiteTeam "Neubrandenburg SG Eintracht"]
[BlackTeam "Warnemuende SF Ostsee"]
[WhiteTeamCountry "GER"]
[BlackTeamCountry "GER"]

1. e4 d5 2. exd5 Nf6 3. Nf3 Nxd5 4. d4 Bg4 5. Bb5+ c6 6. Be2 g6 7. h3 Bxf3 8. Bxf3 Bg7 9. 0-0 0-0 10. Nc3 e6 11. Ne4 Qb6 12. c3 Nd7 13. Ng3 Rac8 14. h4 Rfe8 15. h5 N7f6 16. hxg6 hxg6 17. Re1 Qc7 18. Qb3 Ne7 19. Nf1 Nf5 20. g3 Bh6 21. g4 Nh4 22. c4 Nxf3+ 23. Qxf3 Bxc1 24. Raxc1 Nh7 25. Rc3 Qd8 26. d5 cxd5 27. cxd5 Rxc3 28. bxc3 exd5 29. Rxe8+ Qxe8 30. Qxd5 Qc8 31. Qd4 b6 32. Ne3 Ng5 33. Qf6 Ne4 34. Qe7 Nxc3 35. Qxa7 Ne2+ 36. Kh2 Qc1 37. Kg2 Qc6+ 38. Kf1 Nc3 39. Kg1 Ne2+ 40. Kf1 Qb5 41. Kg2 Qc6+ 42. Kf1 Ng3+ 43. Ke1 Qc3+ 44. Kd1 Qd3+ 45. Kc1 Ne2+ 46. Kb2 Qc3+ 47. Kb1 Qc1# 0-1

[Event "Mecklenburg VP VL 1718"]
[Site "Mecklenburg VP"]
[Date "2018.02.25"]
[Round "6.7"]
[White "Schmidt, Reinhard"]
[Black "Bollnow, Alex"]
[Result "0-1"]
[WhiteElo "1773"]
[BlackElo "1492"]
[PlyCount "58"]
[EventDate "2017.10.08"]
[EventType "team-tourn"]
[EventRounds "9"]
[EventCountry "GER"]
[SourceTitle "EXT 2022"]
[Source "ChessBase"]
[SourceDate "2021.10.06"]
[SourceVersion "1"]
[SourceVersionDate "2021.10.06"]
[SourceQuality "1"]
[WhiteTeam "Warnemuende SF Ostsee"]
[BlackTeam "Torgelow Droegeheide"]
[WhiteTeamCountry "GER"]
[BlackTeamCountry "GER"]

1. e4 c5 2. Nf3 Nc6 3. d4 cxd4 4. Nxd4 g6 5. Bc4 Bg7 6. Nxc6 bxc6 7. 0-0 Nf6 8. e5 Ne4 9. Qf3 d5 10. exd6 Nxd6 11. Qxc6+ Bd7 12. Qa6 0-0 13. Na3 Qc7 14. Be2 Rab8 15. c3 Bf5 16. Nb5 Nxb5 17. Bxb5 Rb6 18. Qa4 Be5 19. h3 Qb7 20. Be2 Be4 21. f3 Bf5 22. f4 Bd6 23. Bf3 Qc7 24. Be4 Bd7 25. Qc2 Bc5+ 26. Kh1 Qc8 27. f5 Rd8 28. fxg6 hxg6 29. Bxg6 Rxg6 0-1

[Event "Mecklenburg VP VL 1718"]
[Site "Mecklenburg VP"]
[Date "2017.12.10"]
[Round "4.7"]
[White "Schmidt, Reinhard"]
[Black "Ebert, Lutz"]
[Result "1-0"]
[WhiteElo "1773"]
[BlackElo "1723"]
[PlyCount "91"]
[EventDate "2017.10.08"]
[EventType "team-tourn"]
[EventRounds "9"]
[EventCountry "GER"]
[SourceTitle "EXT 2022"]
[Source "ChessBase"]
[SourceDate "2021.10.06"]
[SourceVersion "1"]
[SourceVersionDate "2021.10.06"]
[SourceQuality "1"]
[WhiteTeam "Warnemuende SF Ostsee"]
[BlackTeam "Guestrow/Teterow"]
[WhiteTeamCountry "GER"]
[BlackTeamCountry "GER"]

1. e4 e5 2. Bc4 Be7 3. Nc3 Nf6 4. d3 d6 5. f4 exf4 6. Bxf4 0-0 7. Nf3 Be6 8. Bb3 Bxb3 9. axb3 a6 10. 0-0 c5 11. Qd2 Nc6 12. Rae1 b5 13. h3 b4 14. Na4 Nd7 15. Qf2 Nde5 16. Nxe5 Nxe5 17. Nxc5 Ng6 18. Na4 Rc8 19. Be3 Rc6 20. Nb6 Bh4 21. g3 Bf6 22. Nc4 Qc8 23. Qf5 Ne5 24. Bd2 Nxc4 25. bxc4 Qxf5 26. Rxf5 Rb6 27. b3 Bd4+ 28. Be3 Bxe3+ 29. Rxe3 f6 30. Re1 g6 31. Ra5 Kf7 32. Rea1 Ra8 33. Kf2 Ke6 34. Ke3 h5 35. h4 Kd7 36. d4 Ke6 37. c5 dxc5 38. Rxc5 Rd8 39. Ra4 Ra8 40. Kd3 Kd6 41. Raa5 Ke6 42. Kc4 Rd8 43. Rc7 Kd6 44. Rg7 Rc6+ 45. Rc5 a5 46. e5+ 1-0

[Event "Mecklenburg VP VL 1718"]
[Site "Mecklenburg VP"]
[Date "2017.11.26"]
[Round "3.6"]
[White "Schumann, Rabea"]
[Black "Schmidt, Reinhard"]
[Result "1/2-1/2"]
[WhiteElo "1829"]
[BlackElo "1773"]
[PlyCount "80"]
[EventDate "2017.10.08"]
[EventType "team-tourn"]
[EventRounds "9"]
[EventCountry "GER"]
[SourceTitle "EXT 2022"]
[Source "ChessBase"]
[SourceDate "2021.10.06"]
[SourceVersion "1"]
[SourceVersionDate "2021.10.06"]
[SourceQuality "1"]
[WhiteTeam "Rostock SSC 07"]
[BlackTeam "Warnemuende SF Ostsee"]
[WhiteTeamCountry "GER"]
[BlackTeamCountry "GER"]

1. c4 Nf6 2. g3 c6 3. Nf3 d5 4. Bg2 dxc4 5. Na3 g6 6. Nxc4 Bg7 7. 0-0 0-0 8. Rb1 Bf5 9. d3 Qc8 10. Re1 Rd8 11. Qb3 Na6 12. Be3 Ne8 13. Ng5 e6 14. Rec1 h6 15. Ne4 Bxe4 16. Bxe4 Nd6 17. Bg2 Nf5 18. Na5 Nxe3 19. fxe3 Rb8 20. Qa4 Qd7 21. Nxb7 Qxb7 22. Rxc6 Nb4 23. Rxe6 Qd7 24. Qxd7 Rxd7 25. Re4 Nxa2 26. Ra1 Rxb2 27. Ra4 Nc3 28. Rxa7 Rxa7 29. Rxa7 Nxe2+ 30. Kf1 Nc1 31. d4 Nd3 32. Bd5 Rf2+ 33. Kg1 Rf6 34. Ra8+ Bf8 35. e4 g5 36. e5 Nxe5 37. dxe5 Rf5 38. Re8 Kg7 39. Kg2 g4 40. Be4 Rg5 1/2-1/2

[Event "Mecklenburg VP LL 1617"]
[Site "Mecklenburg VP"]
[Date "2016.11.20"]
[Round "3.5"]
[White "Menkhaus, Wolf Dieter"]
[Black "Schmidt, Reinhard"]
[Result "1-0"]
[WhiteElo "1800"]
[BlackElo "1786"]
[PlyCount "25"]
[EventDate "2016.10.16"]
[EventType "team-tourn"]
[EventRounds "9"]
[EventCountry "GER"]
[SourceTitle "EXT 2022"]
[Source "ChessBase"]
[SourceDate "2021.10.06"]
[SourceVersion "1"]
[SourceVersionDate "2021.10.06"]
[SourceQuality "1"]
[WhiteTeam "Rostock SSC 07 II"]
[BlackTeam "Warnemuende SF Ostsee"]
[WhiteTeamCountry "GER"]
[BlackTeamCountry "GER"]

1. d4 Nf6 2. c4 e5 3. dxe5 Ng4 4. Bf4 Bb4+ 5. Nc3 Nc6 6. Nf3 Qe7 7. Qb3 Bc5 8. e3 Ngxe5 9. Nxe5 Nxe5 10. Nd5 Qd6 11. Qc3 f6 12. Rd1 0-0 13. b4 1-0

[Event "Schleswig Holstein-ch Seniors op 10th"]
[Site "Buesum"]
[Date "2016.10.03"]
[Round "8"]
[White "Schmidt, Reinhard"]
[Black "Lehmann, Erwin"]
[Result "1/2-1/2"]
[WhiteElo "1905"]
[BlackElo "2038"]
[PlyCount "54"]
[EventDate "2016.09.26"]
[EventType "swiss"]
[EventRounds "9"]
[EventCountry "GER"]
[SourceTitle "EXT 2019"]
[Source "ChessBase"]
[SourceDate "2018.10.10"]
[SourceVersion "1"]
[SourceVersionDate "2018.10.10"]
[SourceQuality "1"]

1. e4 d5 2. exd5 Qxd5 3. Nc3 Qa5 4. d4 Nf6 5. Nf3 c6 6. Bc4 Bf5 7. 0-0 e6 8. Bf4 Be7 9. Bb3 Nbd7 10. Qe2 0-0 11. Rfd1 Rfe8 12. h3 h6 13. Nd2 b5 14. Nce4 Qb6 15. c3 c5 16. dxc5 Nxc5 17. Nxc5 Bxc5 18. Nf1 Rad8 19. Be3 a5 20. Rxd8 Rxd8 21. Rd1 Rc8 22. Bxc5 Qxc5 23. a3 Be4 24. Qe3 Qc6 25. f3 Bd5 26. Bxd5 Nxd5 27. Qd4 Qc4 1/2-1/2

[Event "Schleswig Holstein-ch Seniors op 10th"]
[Site "Buesum"]
[Date "2016.09.28"]
[Round "3"]
[White "Ackermann, Hans Werner"]
[Black "Schmidt, Reinhard"]
[Result "1-0"]
[WhiteElo "2360"]
[BlackElo "1905"]
[PlyCount "127"]
[EventDate "2016.09.26"]
[EventType "swiss"]
[EventRounds "9"]
[EventCountry "GER"]
[SourceTitle "EXT 2019"]
[Source "ChessBase"]
[SourceDate "2018.10.10"]
[SourceVersion "1"]
[SourceVersionDate "2018.10.10"]
[SourceQuality "1"]

1. Nf3 b6 2. b3 f5 3. Bb2 Nf6 4. c4 e6 5. Nc3 Bb7 6. e3 Be7 7. d4 0-0 8. Bd3 g6 9. Qd2 d5 10. Rc1 c5 11. 0-0 Ne4 12. cxd5 exd5 13. Rfd1 Nd7 14. Na4 Rc8 15. Ba6 Qc7 16. Bb5 Nb8 17. dxc5 bxc5 18. Nc3 Nxc3 19. Bxc3 Bf6 20. Bxf6 Rxf6 21. Qb2 Rb6 22. Ba4 Qg7 23. Qxg7+ Kxg7 24. Rd2 Kf6 25. h4 h6 26. Ne1 g5 27. hxg5+ hxg5 28. Rdc2 Na6 29. f3 Ke6 30. Nd3 Kd6 31. Kf2 Ba8 32. f4 Nb4 33. Nxb4 Rxb4 34. fxg5 Rg4 35. Rh1 d4 36. Rh6+ Ke5 37. exd4+ Kxd4 38. Rc4+ Ke5 39. Rxg4 fxg4 40. Kg3 Rg8 41. Kxg4 Bxg2 42. Rh7 a6 43. Re7+ Kd6 44. Ra7 Bf1 45. Rf7 Be2+ 46. Kf5 Bd3+ 47. Kf4 Be2 48. Rf6+ Kd5 49. Bd7 Rg7 50. Be6+ Kd4 51. g6 Bd3 52. Bf5 c4 53. bxc4 Bxc4 54. Be6 Bd3 55. Bf7 Bxg6 56. Bxg6 Ra7 57. Rf7 Ra8 58. Rc7 Rf8+ 59. Bf7 Rh8 60. Kf5 Rh2 61. Rc4+ Kd3 62. Ra4 Rf2+ 63. Ke6 Re2+ 64. Kd6 1-0

[Event "Mecklenburg VP VL 1516"]
[Site "Mecklenburg VP"]
[Date "2016.04.24"]
[Round "9.7"]
[White "Hoerhold, Martin"]
[Black "Schmidt, Reinhard"]
[Result "1/2-1/2"]
[WhiteElo "1663"]
[BlackElo "1795"]
[PlyCount "44"]
[EventDate "2015.09.20"]
[EventType "team-tourn"]
[EventRounds "9"]
[EventCountry "GER"]
[SourceTitle "EXT 2022"]
[Source "ChessBase"]
[SourceDate "2021.10.06"]
[SourceVersion "1"]
[SourceVersionDate "2021.10.06"]
[SourceQuality "1"]
[WhiteTeam "Neubrandenburg SG Eintracht"]
[BlackTeam "Warnemuende SF Ostsee"]
[WhiteTeamCountry "GER"]
[BlackTeamCountry "GER"]

1. e4 c5 2. f4 e6 3. Nf3 Nc6 4. d4 cxd4 5. Nxd4 Qb6 6. Nb5 Nh6 7. N1a3 f5 8. Nc4 Qd8 9. Ncd6+ Bxd6 10. Qxd6 Kf7 11. e5 Kg6 12. h4 Nf7 13. h5+ Kh6 14. Qd3 a6 15. Nd6 Nxd6 16. Qxd6 g6 17. Be2 Kg7 18. Be3 Qe7 19. 0-0-0 Qxd6 20. Rxd6 Rg8 21. h6+ Kf7 22. Bf3 Rb8 1/2-1/2

[Event "Mecklenburg VP VL 1516"]
[Site "Mecklenburg VP"]
[Date "2015.12.13"]
[Round "4.6"]
[White "Schumann, Rabea"]
[Black "Schmidt, Reinhard"]
[Result "1-0"]
[WhiteElo "1674"]
[BlackElo "1795"]
[PlyCount "71"]
[EventDate "2015.09.20"]
[EventType "team-tourn"]
[EventRounds "9"]
[EventCountry "GER"]
[SourceTitle "EXT 2022"]
[Source "ChessBase"]
[SourceDate "2021.10.06"]
[SourceVersion "1"]
[SourceVersionDate "2021.10.06"]
[SourceQuality "1"]
[WhiteTeam "Rostock SSC 07 II"]
[BlackTeam "Warnemuende SF Ostsee"]
[WhiteTeamCountry "GER"]
[BlackTeamCountry "GER"]

1. e4 c5 2. Nc3 e6 3. f4 d5 4. Nf3 d4 5. Nb1 Nf6 6. d3 Bd7 7. g3 Bc6 8. Bg2 Nbd7 9. 0-0 Be7 10. Nbd2 b5 11. Qe2 Ng4 12. Nxd4 cxd4 13. Qxg4 0-0 14. Nb3 Qb6 15. Bd2 b4 16. Kh1 a5 17. c3 f5 18. Qe2 fxe4 19. Nxd4 Bb7 20. Bxe4 Nc5 21. Bxb7 Qxb7+ 22. Qf3 Qa6 23. cxb4 axb4 24. Bxb4 Qb6 25. a3 Rac8 26. Rfe1 Rfe8 27. Rac1 Bf6 28. Bc3 Na4 29. Qe4 Nxb2 30. Bxb2 Rxc1 31. Bxc1 Bxd4 32. Be3 Bxe3 33. Qxe3 Qa5 34. d4 Kf8 35. Kg1 Qa4 36. f5 1-0

[Event "Mecklenburg VP VL 1516"]
[Site "Mecklenburg VP"]
[Date "2015.10.11"]
[Round "2.6"]
[White "Goertz, Frank"]
[Black "Schmidt, Reinhard"]
[Result "1/2-1/2"]
[WhiteElo "1906"]
[BlackElo "1795"]
[PlyCount "92"]
[EventDate "2015.09.20"]
[EventType "team-tourn"]
[EventRounds "9"]
[EventCountry "GER"]
[SourceTitle "EXT 2022"]
[Source "ChessBase"]
[SourceDate "2021.10.06"]
[SourceVersion "1"]
[SourceVersionDate "2021.10.06"]
[SourceQuality "1"]
[WhiteTeam "Schwerin SF IV"]
[BlackTeam "Warnemuende SF Ostsee"]
[WhiteTeamCountry "GER"]
[BlackTeamCountry "GER"]

1. e4 c5 2. f4 Nc6 3. Nf3 e6 4. Nc3 d5 5. e5 Nh6 6. Bb5 Bd7 7. Bxc6 Bxc6 8. Ne2 d4 9. 0-0 d3 10. Ng3 c4 11. c3 Bc5+ 12. Kh1 Ng4 13. Qe1 Qb6 14. Ne4 Bxe4 15. Qxe4 Nf2+ 16. Rxf2 Bxf2 17. Qxc4 Rd8 18. b4 Qc6 19. Qb3 0-0 20. Ba3 Qe4 21. Rf1 Bb6 22. b5 Rfe8 23. Ng5 Qe2 24. Qd1 Rd5 25. Qc1 Rxb5 26. Re1 Qg4 27. Ne4 Ra5 28. Nd6 Rb8 29. Rf1 Bc5 30. Bxc5 Rxc5 31. Rf3 Ra5 32. h3 Qh4 33. Qf1 Rxa2 34. Rxd3 Qe7 35. f5 exf5 36. Qxf5 Rf8 37. Ne4 Qe6 38. Qg5 Qg6 39. Qf4 Ra1+ 40. Kh2 Re1 41. Nf2 Qe6 42. Ng4 h5 43. Rd6 hxg4 44. Rxe6 fxe6 45. Qxg4 Rxe5 46. Qd4 Re2 1/2-1/2

[Event "Schleswig Holstein-ch Seniors op 9th"]
[Site "Buesum"]
[Date "2015.10.04"]
[Round "6"]
[White "Schmidt, Reinhard"]
[Black "Nowack, Achim"]
[Result "1-0"]
[WhiteElo "1919"]
[BlackElo "1798"]
[PlyCount "101"]
[EventDate "2015.09.28"]
[EventType "swiss"]
[EventRounds "9"]
[EventCountry "GER"]
[SourceTitle "EXT 2018"]
[Source "ChessBase"]
[SourceDate "2017.10.13"]
[SourceVersion "1"]
[SourceVersionDate "2017.10.13"]
[SourceQuality "1"]

1. e4 g6 2. d4 Bg7 3. Nc3 e6 4. f4 Ne7 5. Nf3 d6 6. Be2 0-0 7. Be3 a5 8. Qd2 a4 9. 0-0-0 a3 10. b3 b6 11. g4 c5 12. dxc5 bxc5 13. Bxc5 Qa5 14. Bd4 e5 15. fxe5 dxe5 16. Bf2 Nbc6 17. Nd5 Bxg4 18. Qxa5 Rxa5 19. Nxe7+ Nxe7 20. Bb6 Raa8 21. Bc5 Bf6 22. Rhf1 Bxf3 23. Rxf3 Bg5+ 24. Kb1 Rfd8 25. Rg1 Rac8 26. Bxa3 Bh4 27. Bc4 Rxc4 28. bxc4 Nc6 29. Rd3 Rb8+ 30. Rb3 Rd8 31. Rb6 Na5 32. c5 Nc4 33. Ra6 Bf2 34. Rh1 Be3 35. Bb4 Rb8 36. c3 Bxc5 37. Kc2 Bf2 38. a4 Rd8 39. a5 h5 40. Rc6 Ne3+ 41. Kb3 g5 42. Bc5 Rb8+ 43. Ka4 g4 44. a6 h4 45. Bd6 Ra8 46. Bxe5 g3 47. hxg3 Ng4 48. Bf4 hxg3 49. Bxg3 Ba7 50. Rh4 Nf2 51. Be5 1-0

[Event "Mecklenburg VP VL 1415"]
[Site "Mecklenburg VP"]
[Date "2015.04.26"]
[Round "9.6"]
[White "Schmidt, Reinhard"]
[Black "Haase, Sebastian"]
[Result "1-0"]
[WhiteElo "1815"]
[BlackElo "1745"]
[PlyCount "109"]
[EventDate "2014.09.21"]
[EventType "team-tourn"]
[EventRounds "9"]
[EventCountry "GER"]
[SourceTitle "EXT 2022"]
[Source "ChessBase"]
[SourceDate "2021.10.06"]
[SourceVersion "1"]
[SourceVersionDate "2021.10.06"]
[SourceQuality "1"]
[WhiteTeam "Warnemuende SF Ostsee"]
[BlackTeam "Grevesmuehlen Blau Weiss"]
[WhiteTeamCountry "GER"]
[BlackTeamCountry "GER"]

1. e4 c5 2. Nf3 e6 3. c3 Nc6 4. d4 d5 5. exd5 exd5 6. Be2 Bf5 7. 0-0 Nf6 8. Bg5 h6 9. Bh4 cxd4 10. Nxd4 Nxd4 11. Qxd4 a6 12. Bxf6 gxf6 13. Bf3 Be6 14. Rd1 Be7 15. Bxd5 Bxd5 16. Qxd5 Qxd5 17. Rxd5 Rd8 18. Rxd8+ Kxd8 19. Nd2 Kc7 20. Kf1 Rd8 21. Ke2 f5 22. Nb3 Bf6 23. Rd1 Rxd1 24. Kxd1 Kd6 25. Ke2 Kd5 26. Kd3 Be5 27. h3 b5 28. Nd2 h5 29. b3 Bc7 30. Nf1 Bb6 31. Ne3+ Ke5 32. f4+ Ke6 33. c4 Bc7 34. Nd5 Bd6 35. Kd4 Ba3 36. cxb5 Bb2+ 37. Kc5 axb5 38. Nc7+ Kd7 39. Nxb5 Bc1 40. a4 Bxf4 41. a5 Be3+ 42. Kd5 Kc8 43. Kc6 Kb8 44. a6 f4 45. Nd6 Ka7 46. Kb5 f6 47. Nc8+ Ka8 48. a7 Kb7 49. b4 Bf2 50. Kc4 Be3 51. b5 Bf2 52. b6 Be1 53. Kb5 Bf2 54. Nd6+ Ka8 55. Ka6 1-0

[Event "Mecklenburg VP VL 1415"]
[Site "Mecklenburg VP"]
[Date "2015.02.22"]
[Round "6.6"]
[White "Glawe, Hartmut"]
[Black "Schmidt, Reinhard"]
[Result "1-0"]
[WhiteElo "1865"]
[BlackElo "1815"]
[PlyCount "61"]
[EventDate "2014.09.21"]
[EventType "team-tourn"]
[EventRounds "9"]
[EventCountry "GER"]
[SourceTitle "EXT 2022"]
[Source "ChessBase"]
[SourceDate "2021.10.06"]
[SourceVersion "1"]
[SourceVersionDate "2021.10.06"]
[SourceQuality "1"]
[WhiteTeam "Stralsund FHSG"]
[BlackTeam "Warnemuende SF Ostsee"]
[WhiteTeamCountry "GER"]
[BlackTeamCountry "GER"]

1. Nf3 b6 2. d4 Bb7 3. c4 f5 4. Nc3 Nf6 5. g3 e6 6. Bg2 Be7 7. 0-0 0-0 8. d5 exd5 9. cxd5 Na6 10. Nd4 Ne8 11. Qc2 g6 12. Bh6 Rf7 13. Rad1 Bg5 14. Ne6 Bxh6 15. Nxd8 Rxd8 16. e4 fxe4 17. Bxe4 d6 18. Bg2 Bc8 19. Nb5 Nf6 20. Nxa7 Bf5 21. Qc4 Nc5 22. Nc6 Ra8 23. Rfe1 Bf8 24. Nd4 Bc8 25. Ne6 Ra4 26. b4 Ba6 27. Qc3 Ng4 28. bxc5 Rxf2 29. Rd2 Rxa2 30. Rxf2 Rxf2 31. h3 1-0

[Event "Mecklenburg VP VL 1314"]
[Site "Mecklenburg VP"]
[Date "2014.04.27"]
[Round "9.7"]
[White "Gareis, Roberto"]
[Black "Schmidt, Reinhard"]
[Result "0-1"]
[WhiteElo "1869"]
[BlackElo "1793"]
[PlyCount "52"]
[EventDate "2013.10.20"]
[EventType "team-tourn"]
[EventRounds "9"]
[EventCountry "GER"]
[SourceTitle "EXT 2022"]
[Source "ChessBase"]
[SourceDate "2021.10.06"]
[SourceVersion "1"]
[SourceVersionDate "2021.10.06"]
[SourceQuality "1"]
[WhiteTeam "Grevesmuehlen Blau Weiss"]
[BlackTeam "Warnemuende SF Ostsee"]
[WhiteTeamCountry "GER"]
[BlackTeamCountry "GER"]

1. d4 f5 2. e3 e6 3. g4 fxg4 4. Qxg4 Nf6 5. Qg2 Nc6 6. c3 b6 7. Bd3 Bb7 8. e4 g6 9. e5 Nxe5 10. Bxg6+ hxg6 11. Qg3 Nf7 12. f3 Rg8 13. Nh3 Nh5 14. Qf2 Bh6 15. Bxh6 Nxh6 16. Rg1 Nf5 17. Ng5 Qe7 18. Nd2 0-0-0 19. 0-0-0 Nf4 20. Nde4 Ba6 21. Kc2 d5 22. Nd2 Bd3+ 23. Kb3 Qd7 24. a3 Qb5+ 25. Ka2 Bc2 26. Nb1 Qb3+ 0-1